Honduras: desaparecidos, juicio y condena

Kaydedildi:
Detaylı Bibliyografya
Müşterek Yazar: Asociación Centroamericana de Familiares de Detenidos Desaparecidos
Materyal Türü: Metin
Baskı/Yayın Bilgisi: San José: ACADAFE
Etiketler: Etiketle
Etiket eklenmemiş, İlk siz ekleyin!

MARC

LEADER 00000 a a2200000 04500
001 24794
003
040
090 |a 174700  
110 |a Asociación Centroamericana de Familiares de Detenidos Desaparecidos  
245 |a Honduras: desaparecidos, juicio y condena  
260 |a San José:   |b ACADAFE  
300 |a 286 p.  
999 |c 9797  |d 9797